[Event "Sparkassen-Open B"]
[Site "Heusenstamm, Martinsee"]
[Date "2023.11.26"]
[Round "6.25"]
[White "Kluge, Joscha"]
[Black "Grünzig, Matthias"]
[Result "1/2-1/2"]
[WhiteElo "1547"]
[BlackElo "1439"]
[PlyCount "79"]
[EventDate "2023.??.??"]
[WhiteTeam "SC Bergen-Enkheim 1922"]
[BlackTeam "FV Berkersheim"]

1. e4 d5 2. exd5 Qxd5 3. Nc3 Qa5 4. d4 c6 5. Bd2 Qc7 6. Bc4 Nf6 7. Nf3 Bf5 8. Bb3 e6 9. Qe2 Nbd7 10. d5 cxd5 11. Bxd5 Be7 12. Bb3 O-O 13. O-O Rad8 14. Be3 Bc5 15. Bg5 Be7 16. Nd4 Bg4 17. f3 Bh5 18. Kh1 Rfe8 19. Bxe6 Bc5 20. Ncb5 Qb6 21. a4 a6 22. a5 Rxe6 23. Qd2 Bb4 24. axb6 Bxd2 25. Nxe6 fxe6 26. Bxd2 axb5 27. Ra7 Rb8 28. Re1 Nxb6 29. Bf4 Re8 30. Rxb7 Nbd5 31. Be5 Bg6 32. c3 Bd3 33. b4 Bc4 34. Ra1 Re7 35. Ra8+ Kf7 36. Rxe7+ Nxe7 37. Ra7 Nfd5 38. g3 h5 39. Kg2 g6 40. h4 1/2-1/2

[Event "Sparkassen-Open B"]
[Site "Heusenstamm, Martinsee"]
[Date "2023.11.26"]
[Round "6.26"]
[White "Brunner, Andreas"]
[Black "Leichum, Engelbert"]
[Result "1/2-1/2"]
[WhiteElo "1414"]
[BlackElo "1527"]
[PlyCount "64"]
[EventDate "2023.??.??"]
[WhiteTeam "FV Berkersheim"]
[BlackTeam "Frankfurt/Main"]

1. Nf3 Nf6 2. c4 d6 3. g3 e5 4. Bg2 c6 5. Nc3 Be6 6. d3 Be7 7. O-O h6 8. a3 Qd7 9. Re1 c5 10. b4 Nc6 11. bxc5 dxc5 12. Nd2 O-O 13. Rb1 b6 14. Qa4 Rac8 15. Bb2 Bh3 16. Bh1 Ng4 17. Nd5 Bd6 18. Ne4 f5 19. Nxd6 Qxd6 20. e3 Nd8 21. Qxa7 Ne6 22. Qxb6 Qd7 23. Qb5 Qf7 24. Nb6 Rcd8 25. Bd5 Rd6 26. d4 Rb8 27. dxc5 Rdd8 28. Qc6 Re8 29. a4 Nf6 30. Bxe5 Nxd5 31. Bxb8 Nc3 32. Rb3 Nd4 1/2-1/2

[Event "Sparkassen-Open B"]
[Site "Heusenstamm, Martinsee"]
[Date "2023.11.26"]
[Round "6.27"]
[White "Friedel, Thomas"]
[Black "Schmidt, Moritz"]
[Result "1-0"]
[WhiteElo "1498"]
[BlackElo "1453"]
[PlyCount "69"]
[EventDate "2023.??.??"]
[WhiteTeam "SV 1946 Groß-Gerau"]
[BlackTeam "SV 1920 Plettenbe"]

1. e4 c6 2. d4 d5 3. exd5 cxd5 4. Bd3 Nc6 5. c3 Nf6 6. Bf4 e6 7. Nf3 Bd6 8. Bxd6 Qxd6 9. O-O O-O 10. Re1 Re8 11. Ne5 a6 12. Nd2 b5 13. a3 Rb8 14. Ndf3 Na5 15. Qc2 Nc4 16. Ng5 Ne4 17. Ngxf7 Qe7 18. Bxe4 dxe4 19. Rxe4 Nxe5 20. Nxe5 Bb7 21. Rg4 Rf8 22. Re1 h5 23. Ng6 Qf7 24. Nxf8 hxg4 25. Ng6 Re8 26. Ne5 Qh5 27. Qe2 Rf8 28. Nxg4 Qg5 29. Qxe6+ Kh8 30. Ne3 Qf4 31. Qh3+ Kg8 32. Qg3 Qe4 33. Qe5 Qh4 34. Nf5 Qg5 35. Ne7+ 1-0

[Event "Sparkassen-Open B"]
[Site "Heusenstamm, Martinsee"]
[Date "2023.11.26"]
[Round "6.28"]
[White "Tran, Duy-Khang"]
[Black "El-Lawindy, Asem"]
[Result "0-1"]
[WhiteElo "1381"]
[BlackElo "1494"]
[PlyCount "88"]
[EventDate "2023.??.??"]
[WhiteTeam "TSV 1869 Rottendorf"]
[BlackTeam "VSG 1880 Offenbach"]

1. e4 e5 2. Nc3 Nf6 3. Nf3 Bb4 4. Nxe5 Bxc3 5. bxc3 Qe7 6. Nf3 Qxe4+ 7. Be2 O-O 8. O-O Nc6 9. Re1 d6 10. h3 Qe8 11. Rb1 b6 12. Nd4 Nxd4 13. cxd4 Qa4 14. Rb3 Be6 15. Ra3 Qxd4 16. c3 Qc5 17. d4 Qc6 18. Qd3 d5 19. Bf4 a5 20. Qg3 Bf5 21. Bd3 Nh5 22. Qg5 Nxf4 23. Bxf5 Qd6 24. Rb3 Rfe8 25. Re5 Ng6 26. Bxg6 hxg6 27. Rb2 Rxe5 28. Qxe5 Qxe5 29. dxe5 Kf8 30. f4 Ke7 31. Kf2 Ke6 32. Ke3 g5 33. Rf2 gxf4+ 34. Rxf4 Rf8 35. Kd4 c5+ 36. Kd3 Kxe5 37. g3 f5 38. c4 g5 39. Rf2 d4 40. Re2+ Kd6 41. h4 gxh4 42. gxh4 Rg8 43. h5 Rg3+ 44. Kd2 Rh3 0-1

[Event "Sparkassen-Open B"]
[Site "Heusenstamm, Martinsee"]
[Date "2023.11.26"]
[Round "6.30"]
[White "Moissl, Julian"]
[Black "Ketting, Douwe"]
[Result "1/2-1/2"]
[WhiteElo "1188"]
[BlackElo "1483"]
[PlyCount "22"]
[EventDate "2023.??.??"]
[WhiteTeam "SJ Herborn 1998"]
[BlackTeam "SC Somborn 1933"]

1. d4 Nf6 2. c4 e5 3. Bg5 exd4 4. Qxd4 Nc6 5. Qd1 Be7 6. Nf3 h6 7. Bh4 d6 8. h3 O-O 9. e3 Be6 10. Nbd2 d5 11. Qb3 Na5 1/2-1/2

[Event "Sparkassen-Open B"]
[Site "Heusenstamm, Martinsee"]
[Date "2023.11.26"]
[Round "6.31"]
[White "Papadopoulos, Kyriakos"]
[Black "Chiokadze, Barbare"]
[Result "1/2-1/2"]
[WhiteElo "1482"]
[BlackElo "1151"]
[PlyCount "53"]
[EventDate "2023.??.??"]
[WhiteTeam "VSG 1880 Offenbach"]
[BlackTeam "Wachtang Qarseladze"]

1. e4 c6 2. d4 d5 3. exd5 cxd5 4. Nf3 Nc6 5. c4 e6 6. Nc3 Nf6 7. Bg5 Be7 8. Be2 O-O 9. O-O b6 10. Be3 Bb7 11. a3 Rc8 12. Rc1 dxc4 13. Bxc4 Nxd4 14. Nxd4 Rxc4 15. Ncb5 Rxc1 16. Qxc1 h6 17. Nc3 Qa8 18. f3 Rc8 19. Qd2 Rd8 20. Qf2 Nd5 21. Nxd5 Bxd5 22. Ne2 b5 23. Nc3 Bc4 24. Rc1 Qb8 25. Bxa7 Qb7 26. Bb6 Rc8 27. Rd1 1/2-1/2

[Event "Sparkassen-Open B"]
[Site "Heusenstamm, Martinsee"]
[Date "2023.11.26"]
[Round "6.32"]
[White "Memmeler, Björn"]
[Black "Rempe, Lennik"]
[Result "1-0"]
[WhiteElo "1519"]
[BlackElo "1321"]
[PlyCount "55"]
[EventDate "2023.??.??"]
[WhiteTeam "Schachfüchse Kempen 1986 e. V."]
[BlackTeam "SK Doppelbauer Kiel von 1910 e.V"]

1. Nf3 Nf6 2. c4 e6 3. g3 Be7 4. Bg2 O-O 5. Nc3 d5 6. cxd5 exd5 7. d4 Nbd7 8. O-O b6 9. Re1 Bb7 10. a3 c5 11. b3 Rc8 12. Bb2 cxd4 13. Nxd4 Bc5 14. e3 a5 15. Ndb5 Ne5 16. Na4 Ned7 17. Nd4 b5 18. Nxb5 Nb6 19. Nxc5 Rxc5 20. Nd4 Ne4 21. Ne2 Rc8 22. Qd4 f6 23. Nf4 Re8 24. Rac1 Nd7 25. Red1 Nb6 26. Rxc8 Bxc8 27. Nxd5 Nxd5 28. Bxe4 1-0

[Event "Sparkassen-Open B"]
[Site "Heusenstamm, Martinsee"]
[Date "2023.11.26"]
[Round "6.33"]
[White "Reinhold, Günther"]
[Black "Koch, Mika Jonas"]
[Result "1/2-1/2"]
[WhiteElo "1665"]
[BlackElo "1412"]
[PlyCount "46"]
[EventDate "2023.??.??"]
[WhiteTeam "Sabt Frankfurter TV 1860"]
[BlackTeam "SK Marburg 1931/72"]

1. e4 c5 2. Be2 d6 3. f4 Nc6 4. Nf3 Nf6 5. d3 g6 6. O-O Bg7 7. c3 O-O 8. Kh1 Qb6 9. Na3 Be6 10. Ng5 Bd7 11. Nc4 Qc7 12. Ne3 h6 13. Nf3 e6 14. Bd2 Rfe8 15. Rc1 e5 16. fxe5 Nxe5 17. Nxe5 Rxe5 18. Ng4 Nxg4 19. Bxg4 Rf8 20. Bf4 Re7 21. Bf3 Re6 22. d4 Qb6 23. dxc5 dxc5 1/2-1/2

[Event "Sparkassen-Open B"]
[Site "Heusenstamm, Martinsee"]
[Date "2023.11.26"]
[Round "6.34"]
[White "Matsoukas, Konstantinos"]
[Black "Hübner, Kai"]
[Result "0-1"]
[WhiteElo "1205"]
[BlackElo "1608"]
[PlyCount "46"]
[EventDate "2023.??.??"]
[WhiteTeam "SAbt TuS Makkabi Ffm"]
[BlackTeam "SC Flörsheim 1921"]

1. e4 d6 2. d4 Nf6 3. Nd2 Nbd7 4. Ngf3 e5 5. dxe5 dxe5 6. Bc4 Bd6 7. O-O Nc5 8. Re1 Bg4 9. h3 Bh5 10. Bb5+ c6 11. Nc4 Bc7 12. Qxd8+ Rxd8 13. g4 cxb5 14. Ncxe5 Bxe5 15. Nxe5 Bg6 16. Nxg6 hxg6 17. e5 Nfd7 18. Kg2 O-O 19. f4 Rfe8 20. b4 Ne6 21. Kg3 Nd4 22. Rb1 Nxc2 23. Rd1 Nb6 0-1

[Event "Sparkassen-Open B"]
[Site "Heusenstamm, Martinsee"]
[Date "2023.11.26"]
[Round "6.35"]
[White "Stojanoski, Stefan"]
[Black "Gärtner, David"]
[Result "0-1"]
[WhiteElo "1354"]
[BlackElo "1286"]
[PlyCount "92"]
[EventDate "2023.??.??"]
[WhiteTeam "SAbt TuS Makkabi Ffm"]
[BlackTeam "Sfr.Mainz 1928"]

1. e4 c5 2. Nf3 d6 3. d4 cxd4 4. Nxd4 Nf6 5. Nc3 g6 6. f3 Nc6 7. Bb5 Bd7 8. Be3 Bg7 9. Qd2 O-O 10. O-O-O a6 11. Ba4 Nxd4 12. Bxd7 Nb3+ 13. cxb3 Qxd7 14. Kb1 Rfd8 15. Bh6 a5 16. Bxg7 Kxg7 17. h4 b5 18. g4 h6 19. g5 Nh5 20. gxh6+ Kh7 21. Nd5 Ra7 22. Rdg1 b4 23. Nf4 Nxf4 24. Qxf4 f6 25. Qg3 Rg8 26. h5 g5 27. f4 Raa8 28. fxg5 Rxg5 29. Qf4 Rag8 30. Rxg5 Rxg5 31. Qh2 Qg4 32. Qh4 Qxh4 33. Rxh4 Kxh6 34. Kc2 Rxh5 35. Rxh5+ Kxh5 36. Kd3 e6 37. a3 f5 38. Ke3 Kg4 39. exf5 exf5 40. axb4 axb4 41. Kf2 Kf4 42. Ke1 Kg3 43. Kf1 f4 44. Kg1 f3 45. Kf1 f2 46. Ke2 Kg2 0-1

[Event "Sparkassen-Open B"]
[Site "Heusenstamm, Martinsee"]
[Date "2023.11.26"]
[Round "6.36"]
[White "Weidemann, Max"]
[Black "Weigand, Björn"]
[Result "1-0"]
[WhiteElo "1488"]
[BlackElo "1389"]
[PlyCount "57"]
[EventDate "2023.??.??"]
[WhiteTeam "Vorw.Orient Mainz"]
[BlackTeam "SV Frankfurt Nord 1926"]

1. e4 d6 2. d4 Nf6 3. Nc3 g6 4. Be3 c6 5. Qd2 b5 6. f3 Nbd7 7. h4 Qa5 8. a3 b4 9. Na2 c5 10. axb4 cxb4 11. Qxb4 Qxb4+ 12. Nxb4 Bg7 13. Bc4 Nb6 14. Bb3 Be6 15. d5 Bd7 16. Bxb6 Rb8 17. Rxa7 O-O 18. Bd4 Ra8 19. Ne2 Rxa7 20. Bxa7 Ne8 21. Bd4 e5 22. dxe6 fxe6 23. O-O Bb5 24. Bxe6+ Kh8 25. c4 Bxd4+ 26. Nxd4 Ba4 27. Ra1 Ng7 28. Rxa4 Re8 29. Bd5 1-0

[Event "Sparkassen-Open B"]
[Site "Heusenstamm, Martinsee"]
[Date "2023.11.26"]
[Round "6.37"]
[White "Vinogradov, Roman"]
[Black "Pichl, Johann"]
[Result "0-1"]
[WhiteElo "1306"]
[BlackElo "1475"]
[PlyCount "72"]
[EventDate "2023.??.??"]
[WhiteTeam "SV 1947 Walldorf"]
[BlackTeam "SK Bad Homburg 1927"]

1. e4 d5 2. exd5 Qxd5 3. Nc3 Qd8 4. Nf3 Nf6 5. d4 Bg4 6. Be2 e6 7. a3 Bd6 8. h3 Bxf3 9. Bxf3 c6 10. Be3 Nbd7 11. Qd3 Qc7 12. Ne2 Qa5+ 13. Bd2 Qb6 14. b3 O-O 15. O-O Rfd8 16. Be3 Qc7 17. Rfd1 Rac8 18. c4 e5 19. dxe5 Nxe5 20. Qf5 Nxf3+ 21. Qxf3 Bxa3 22. Rxd8+ Rxd8 23. g3 Bb4 24. Bd4 Ne8 25. Qe3 c5 26. Bc3 Bxc3 27. Nxc3 a6 28. Nd5 Qd7 29. Kg2 Qc6 30. Rd1 Nc7 31. Qf3 Nxd5 32. cxd5 Qd6 33. Qe4 f6 34. Kf3 g6 35. h4 Kf7 36. Ke3 Re8 0-1

[Event "Sparkassen-Open B"]
[Site "Heusenstamm, Martinsee"]
[Date "2023.11.26"]
[Round "6.38"]
[White "Bär, Christian"]
[Black "Englert, Ann"]
[Result "0-1"]
[WhiteElo "1467"]
[BlackElo "1178"]
[PlyCount "88"]
[EventDate "2023.??.??"]
[WhiteTeam "SC Steinbach"]
[BlackTeam "TV-Großostheim 1900 e.V."]

1. d4 d5 2. c4 c6 3. e3 Nf6 4. Nf3 Bf5 5. Bd3 Bxd3 6. Qxd3 e6 7. O-O Bd6 8. b3 O-O 9. Bb2 Nbd7 10. Nbd2 Rc8 11. c5 Be7 12. b4 a5 13. a3 axb4 14. axb4 b6 15. Ra7 Ra8 16. Rfa1 Rxa7 17. Rxa7 Qb8 18. Qa3 bxc5 19. bxc5 Qb5 20. Bc3 Re8 21. h3 Nxc5 22. Rxe7 Rxe7 23. Bb4 Rb7 24. Bxc5 h6 25. Ne5 Nd7 26. Nxd7 Rxd7 27. Nf3 f6 28. Qa8+ Kh7 29. Qe8 Rb7 30. Qxe6 Qa6 31. Qf5+ Kg8 32. Nh4 Qa8 33. Qg6 Qb8 34. g3 Qc8 35. Kg2 Qe6 36. Nf5 Kh8 37. Bf8 Qg8 38. Bd6 Qe6 39. Bf8 Qg8 40. Bc5 Qe6 41. Nd6 Rb2 42. Nf7+ Kg8 43. Nxh6+ Kh8 44. Nf7+ Kg8 0-1

[Event "Sparkassen-Open B"]
[Site "Heusenstamm, Martinsee"]
[Date "2023.11.26"]
[Round "6.40"]
[White "Barth, Horst"]
[Black "Herdt, Werner"]
[Result "1/2-1/2"]
[WhiteElo "1261"]
[BlackElo "1421"]
[PlyCount "72"]
[EventDate "2023.??.??"]
[WhiteTeam "Sfr.Mainz 1928"]
[BlackTeam "SF Heusenstamm"]

1. d4 d5 2. c4 Nf6 3. Nc3 e6 4. Bg5 Be7 5. e3 h6 6. Bh4 O-O 7. Nf3 Nbd7 8. cxd5 exd5 9. Bd3 c6 10. O-O Re8 11. a3 a6 12. Re1 c5 13. Bc2 b5 14. dxc5 Nxc5 15. b4 Nce4 16. Nxd5 Qxd5 17. Qxd5 Nxd5 18. Bxe4 Be6 19. Red1 Rad8 20. Rac1 Bxh4 21. Nxh4 Nb6 22. Bb7 Rxd1+ 23. Rxd1 Bc8 24. Bc6 Re7 25. h3 g6 26. Rd8+ Kg7 27. Bf3 Rd7 28. Rxd7 Bxd7 29. Bb7 Bc8 30. Bxc8 Nxc8 31. Nf3 Nd6 32. Nd2 f5 33. f4 Kf6 34. Kf2 Ke6 35. Ke2 Kd5 36. Kd3 Nc4 1/2-1/2

[Event "Sparkassen-Open B"]
[Site "Heusenstamm, Martinsee"]
[Date "2023.11.26"]
[Round "6.41"]
[White "Joshi, Kanad"]
[Black "Weyerer, Elea"]
[Result "1-0"]
[WhiteElo "1412"]
[BlackElo "1305"]
[PlyCount "53"]
[EventDate "2023.??.??"]
[WhiteTeam "SV Oberursel"]
[BlackTeam "SV Oberursel"]

1. e4 d5 2. exd5 Qxd5 3. d3 Nf6 4. Nc3 Qd8 5. g3 c6 6. Bg2 b5 7. Nxb5 Ng4 8. a4 Qb6 9. Qe2 Qd8 10. Bf4 cxb5 11. Bxa8 Qb6 12. a5 Qd8 13. h3 Nf6 14. Bxb8 Ba6 15. Bc6+ Nd7 16. Bxa7 Qc7 17. Bxd7+ Qxd7 18. Bb6 Qb7 19. Qf3 Qxf3 20. Nxf3 Bb7 21. Nd2 Bxh1 22. f3 Bg2 23. a6 Bxh3 24. a7 Bc8 25. a8=Q Kd7 26. Qd5+ Ke8 27. Qd8# 1-0

[Event "Sparkassen-Open B"]
[Site "Heusenstamm, Martinsee"]
[Date "2023.11.26"]
[Round "6.42"]
[White "Laznik, Zeljko"]
[Black "Stecay, Anja Christina"]
[Result "1-0"]
[WhiteElo "1407"]
[BlackElo "1182"]
[PlyCount "65"]
[EventDate "2023.??.??"]
[WhiteTeam "SF Heusenstamm"]
[BlackTeam "SF Neuberg"]

1. e4 d6 2. Nc3 Nf6 3. h3 g6 4. Bc4 Bg7 5. d3 O-O 6. Be3 c6 7. Qd2 b5 8. Bb3 Bb7 9. a3 Nbd7 10. g4 d5 11. Bh6 dxe4 12. Bxg7 Kxg7 13. Nxe4 Nxe4 14. dxe4 e6 15. O-O-O Bc8 16. f4 Qe7 17. Ne2 Nc5 18. Qe3 Bb7 19. Rhf1 a5 20. h4 Nxb3+ 21. Qxb3 Rad8 22. h5 Rxd1+ 23. Rxd1 Rd8 24. Rh1 Qd7 25. h6+ Kf8 26. Qc3 f5 27. Qh8+ Ke7 28. Qxh7+ Kd6 29. Rd1+ Kc7 30. Rxd7+ Rxd7 31. Qxd7+ Kxd7 32. h7 c5 33. e5 1-0

[Event "Sparkassen-Open B"]
[Site "Heusenstamm, Martinsee"]
[Date "2023.11.26"]
[Round "6.43"]
[White "Culha, Merve"]
[Black "Maibaum, Harry"]
[Result "0-1"]
[WhiteElo "837"]
[BlackElo "1450"]
[PlyCount "52"]
[EventDate "2023.??.??"]
[WhiteTeam "SC Heusenstamm"]
[BlackTeam "Sfr.Heimersheim"]

1. e4 c5 2. Nf3 d6 3. d4 cxd4 4. Qxd4 Nc6 5. Bb5 Bd7 6. Bxc6 Bxc6 7. Be3 Nf6 8. Nc3 Qc7 9. O-O g6 10. Rad1 Bg7 11. a4 O-O 12. Bf4 Nxe4 13. Qe3 Nxc3 14. bxc3 Rfe8 15. c4 Bxf3 16. Qxf3 Qxc4 17. Rfe1 Qc6 18. Qh3 Rac8 19. Rd2 Qc3 20. Qh4 Qf6 21. Bg5 Qc3 22. Rde2 e6 23. Rd1 d5 24. Rf1 Qc4 25. Qxc4 Rxc4 26. Ra1 Bxa1 0-1

[Event "Sparkassen-Open B"]
[Site "Heusenstamm, Martinsee"]
[Date "2023.11.26"]
[Round "6.44"]
[White "Hellmann, Alexander"]
[Black "Heidtkamp, Anna"]
[Result "1/2-1/2"]
[WhiteElo "1199"]
[BlackElo "1267"]
[PlyCount "104"]
[EventDate "2023.??.??"]
[WhiteTeam "SJ Herborn 1998"]
[BlackTeam "Düsseldorfer SV 1854"]

1. e4 e5 2. Nf3 Nc6 3. Bc4 Bc5 4. c3 Nf6 5. d4 exd4 6. e5 d5 7. Bb5 Ne4 8. cxd4 Bb4+ 9. Bd2 Nxd2 10. Nbxd2 Bd7 11. O-O O-O 12. a3 Ba5 13. Nb3 Bb6 14. Rc1 Nxe5 15. Bxd7 Nxf3+ 16. Qxf3 Qxd7 17. Rfe1 Rad8 18. Re2 Rfe8 19. Rce1 Rxe2 20. Qxe2 h6 21. Qe7 Qxe7 22. Rxe7 Kf8 23. Re2 Re8 24. Kf1 Rxe2 25. Kxe2 Ke7 26. Kd3 Ke6 27. f3 c6 28. a4 a6 29. Nc1 Bc7 30. h3 g5 31. g4 f5 32. Ne2 fxg4 33. fxg4 Bf4 34. b3 Bb8 35. Ke3 Kd7 36. Kd3 Bd6 37. Nc3 Kc7 38. Ne2 Kb6 39. Kc3 Ka5 40. Kd3 Kb4 41. Kc2 Bc7 42. Kb2 Bb6 43. Ka2 c5 44. dxc5 Bxc5 45. Kb2 Bd6 46. Nc1 Kc5 47. Kc3 Bf4 48. Nd3+ Kd6 49. Kd4 Bd2 50. Nb2 Be1 51. Nd3 Bd2 52. Nb2 Be1 1/2-1/2

[Event "Sparkassen-Open B"]
[Site "Heusenstamm, Martinsee"]
[Date "2023.11.26"]
[Round "6.45"]
[White "Samy A S, Anthoni"]
[Black "Grimm, Benjamin"]
[Result "0-1"]
[WhiteElo "1329"]
[BlackElo "1198"]
[PlyCount "116"]
[EventDate "2023.??.??"]
[WhiteTeam "SC Eschborn 1974"]
[BlackTeam "Godesberger SK 1929 e. V"]

1. e4 e5 2. f4 d5 3. Nf3 dxe4 4. Nxe5 Bd6 5. Qh5 Nh6 6. Bc4 O-O 7. Nc3 Bxe5 8. Qxe5 Nc6 9. Qd5 Nb4 10. Qxd8 Rxd8 11. O-O Nxc2 12. Rb1 Bf5 13. Bb3 Nd4 14. Re1 Nxb3 15. axb3 e3 16. Ra1 exd2 17. Bxd2 Rxd2 18. Re2 Rxe2 19. Nxe2 Bd3 20. Nd4 Nf5 21. Nf3 f6 22. Rd1 Be2 23. Rd7 Bxf3 24. gxf3 Rc8 25. Kf2 Kf8 26. Rd5 Nd6 27. Kg3 g6 28. Kg4 h5+ 29. Kh4 Rd8 30. Kh3 Ke7 31. Ra5 a6 32. Rc5 Nb5 33. Rc2 Rd3 34. Re2+ Kd7 35. Rg2 Rxf3+ 36. Rg3 Rxg3+ 37. Kxg3 Nd4 38. b4 Kd6 39. Kf2 c5 40. Ke3 Nf5+ 41. Ke4 cxb4 42. b3 a5 43. Kd3 g5 44. fxg5 fxg5 45. Kc4 g4 46. Kb5 g3 47. hxg3 Nxg3 48. Kxa5 h4 49. Kxb4 h3 50. Kb5 h2 51. Kb6 h1=Q 52. Ka7 Qc6 53. Kb8 b5 54. b4 Qb6+ 55. Ka8 Qd8+ 56. Kb7 Kd5 57. Ka7 Kc6 58. Ka6 Qb6# 0-1

[Event "Sparkassen-Open B"]
[Site "Heusenstamm, Martinsee"]
[Date "2023.11.26"]
[Round "6.47"]
[White "Niesel, Markus"]
[Black "Baumgart, Jost"]
[Result "0-1"]
[WhiteElo "1186"]
[BlackElo "1411"]
[PlyCount "74"]
[EventDate "2023.??.??"]
[WhiteTeam "SV 1934 Ffm-Griesheim"]
[BlackTeam "SK Marburg 1931/72"]

1. e4 e5 2. Nf3 Nc6 3. Bc4 Bc5 4. c3 Nf6 5. O-O O-O 6. d4 exd4 7. e5 Ng4 8. cxd4 Bb4 9. h3 d5 10. Bd3 f6 11. hxg4 Bxg4 12. Be2 fxe5 13. Nxe5 Bxe2 14. Qxe2 Nxd4 15. Qd3 Bc5 16. Be3 Qh4 17. Nd2 Rae8 18. Bxd4 Qxd4 19. Qxd4 Bxd4 20. Nd3 Re2 21. Rad1 g5 22. g3 h5 23. Kg2 c5 24. b3 b5 25. Nf3 Be3 26. Nc1 g4 27. Nh4 Rc2 28. Rxd5 Rcxf2+ 29. Rxf2 Rxf2+ 30. Kh1 Rf1+ 31. Kg2 Rxc1 32. Rd8+ Kf7 33. Rd7+ Ke6 34. Rxa7 c4 35. Ra6+ Kd5 36. Nf5 Rc2+ 37. Kf1 Rf2+ 0-1

[Event "Sparkassen-Open B"]
[Site "Heusenstamm, Martinsee"]
[Date "2023.11.26"]
[Round "6.48"]
[White "Moissl, Felix"]
[Black "Arne, Julius"]
[Result "1-0"]
[WhiteElo "1404"]
[BlackElo "1073"]
[PlyCount "94"]
[EventDate "2023.??.??"]
[WhiteTeam "SJ Herborn 1998"]
[BlackTeam "SG Kaiserslautern 1905"]

1. e4 e5 2. Nf3 Nc6 3. d4 d6 4. dxe5 dxe5 5. Qxd8+ Kxd8 6. Bc4 f6 7. O-O Bc5 8. h3 Ke7 9. Nc3 Be6 10. Bxe6 Kxe6 11. Nd5 Rc8 12. Be3 Bxe3 13. Nxe3 Nge7 14. Rad1 Rcd8 15. c3 Kf7 16. Nd5 Rd7 17. Rd2 Rhd8 18. Rfd1 a6 19. Nxc7 Rxc7 20. Rxd8 Nxd8 21. Rxd8 Nc6 22. Rd2 Ke7 23. Nh4 g6 24. Kf1 Rd7 25. Ke2 Na5 26. Rxd7+ Kxd7 27. Kd3 Kc6 28. b4 Kb5 29. bxa5 Kxa5 30. Kc2 Kb5 31. Kb3 Kc5 32. g3 b5 33. Ng2 Kc6 34. Ne3 Kc5 35. a4 Kc6 36. axb5+ Kxb5 37. c4+ Kc6 38. Ka4 Kb6 39. Nd5+ Kc5 40. Nxf6 Kxc4 41. Nxh7 Kd4 42. Ng5 Kd3 43. Ka5 Ke2 44. Nf7 Kxf2 45. Nxe5 g5 46. Nf7 Kxg3 47. e5 Kf4 1-0

[Event "Sparkassen-Open B"]
[Site "Heusenstamm, Martinsee"]
[Date "2023.11.26"]
[Round "6.52"]
[White "Manasek, Martin"]
[Black "Wiencken, Marcus"]
[Result "1-0"]
[WhiteElo "1500"]
[BlackElo "1232"]
[PlyCount "86"]
[EventDate "2023.??.??"]
[WhiteTeam "SC Flörsheim 1921"]
[BlackTeam "Schachforum Darmstadt 1994"]

1. d4 d5 2. c4 Nf6 3. Nc3 c6 4. Nf3 Bg4 5. Bg5 e6 6. e3 Bb4 7. Be2 O-O 8. O-O Nbd7 9. cxd5 cxd5 10. Rc1 Bd6 11. Nb5 Bb8 12. Qd2 a6 13. Nc3 Qb6 14. Na4 Qd6 15. Bf4 Qe7 16. Bxb8 Ne4 17. Qa5 Raxb8 18. Rc2 Ndf6 19. Rfc1 Ng5 20. Ne5 Bxe2 21. Rxe2 Nfe4 22. h4 f6 23. Rc7 Qe8 24. Nd7 Qh5 25. Rec2 Nh3+ 26. gxh3 Qd1+ 27. Kg2 h6 28. Nxb8 Rxb8 29. Rc8+ Rxc8 30. Rxc8+ Kh7 31. Nc3 Qc2 32. Nxe4 Qxc8 33. Nc3 g5 34. h5 Qe8 35. Qc7+ Kg8 36. Qxb7 Qxh5 37. Qc8+ Kg7 38. Qd7+ Kh8 39. Qxe6 Qg6 40. Nxd5 Kg7 41. Qe7+ Kh8 42. Qxf6+ Qg7 43. Qxg7+ Kxg7 1-0

[Event "Sparkassen-Open B"]
[Site "Heusenstamm, Martinsee"]
[Date "2023.11.26"]
[Round "7.1"]
[White "Steinbrenner, Peter"]
[Black "Welther, Patrick"]
[Result "1/2-1/2"]
[WhiteElo "1718"]
[BlackElo "1420"]
[PlyCount "59"]
[EventDate "2023.??.??"]
[WhiteTeam "SG Kaiserslautern 1905"]
[BlackTeam "SC 1934 Gelnhausen"]

1. e4 d6 2. d4 Nf6 3. Nc3 g6 4. Be3 Bg7 5. f4 Ng4 6. Qd2 Nd7 7. O-O-O O-O 8. Be2 Nxe3 9. Qxe3 c6 10. Nf3 b5 11. e5 Nb6 12. h4 b4 13. Ne4 Nd5 14. Qd2 Bf5 15. Nf2 Qa5 16. Bc4 Nc3 17. Rdg1 Nxa2+ 18. Kd1 dxe5 19. fxe5 Rad8 20. h5 Be6 21. Bxe6 fxe6 22. hxg6 Qb6 23. gxh7+ Kh8 24. Nh4 Kxh7 25. Nf5+ Kg8 26. Nh6+ Bxh6 27. Qxh6 Qxd4+ 28. Nd3 Qg4+ 29. Ke1 Qg3+ 30. Kd1 1/2-1/2

[Event "Sparkassen-Open B"]
[Site "Heusenstamm, Martinsee"]
[Date "2023.11.26"]
[Round "7.2"]
[White "Michalski, Uwe"]
[Black "Glavev, Danail"]
[Result "1-0"]
[WhiteElo "1677"]
[BlackElo "1361"]
[PlyCount "119"]
[EventDate "2023.??.??"]
[WhiteTeam "Sfr.Mainz 1928"]
[BlackTeam "SK Bad Homburg 1927"]

1. e4 e5 2. Bc4 Nc6 3. Nf3 Bc5 4. a4 Nf6 5. d3 h6 6. c3 a6 7. b4 Bb6 8. Be3 d6 9. Bxb6 cxb6 10. Nbd2 Be6 11. Qb3 Bxc4 12. dxc4 O-O 13. O-O Rc8 14. Rad1 Qe7 15. Rfe1 Nh5 16. Nf1 f5 17. c5+ Kh8 18. cxd6 Qf6 19. exf5 Qxf5 20. Qb1 Qf6 21. Qe4 Rcd8 22. Qh4 Qxh4 23. Nxh4 Rfe8 24. b5 axb5 25. axb5 Na5 26. Rxe5 Nf6 27. Rxe8+ Nxe8 28. d7 Nf6 29. Ng6+ Kg8 30. Ne5 Nb3 31. Ne3 Nc5 32. Nd5 Ncxd7 33. Nxb6 Kf8 34. Nexd7+ Ke7 35. Re1+ Kf7 36. Nxf6 Kxf6 37. c4 Rd4 38. f3 Rd2 39. Kf1 Rc2 40. Re2 Rc1+ 41. Kf2 g5 42. g4 Rh1 43. Kg2 Rc1 44. Kg3 Rg1+ 45. Kf2 Rh1 46. Ke3 Rc1 47. Ke4 Rd1 48. Nd5+ Kg6 49. c5 Rc1 50. c6 bxc6 51. bxc6 Kf7 52. c7 Rc4+ 53. Ke5 Rc6 54. Re3 h5 55. Rc3 Re6+ 56. Kd4 hxg4 57. c8=Q g3 58. Rc7+ Kg6 59. Qxe6+ Kh5 60. Rh7# 1-0

[Event "Sparkassen-Open B"]
[Site "Heusenstamm, Martinsee"]
[Date "2023.11.26"]
[Round "7.3"]
[White "Köberl, Christiane"]
[Black "Himmelspacht, Maxim"]
[Result "0-1"]
[WhiteElo "1496"]
[BlackElo "1574"]
[PlyCount "45"]
[EventDate "2023.??.??"]
[WhiteTeam "SK Klingenberg"]
[BlackTeam "SK 1858 Gieß?en"]

1. d4 d5 2. Nf3 Nf6 3. e3 c6 4. c4 Bf5 5. Nc3 e6 6. Be2 Bd6 7. Bd2 Nbd7 8. Nh4 Bg6 9. Nxg6 hxg6 10. h3 O-O 11. Qc2 Rc8 12. e4 Nxe4 13. Nxe4 dxe4 14. Qxe4 Nf6 15. Qc2 Qc7 16. O-O Rfd8 17. Be3 Bf4 18. Rac1 Rd7 19. g3 Bxe3 20. fxe3 Qxg3+ 21. Kh1 Qxh3+ 22. Kg1 Qxe3+ 23. Rf2 0-1

[Event "Sparkassen-Open B"]
[Site "Heusenstamm, Martinsee"]
[Date "2023.11.26"]
[Round "7.4"]
[White "Kuchta, Maksim"]
[Black "Haftmann, Rainer"]
[Result "1-0"]
[WhiteElo "1415"]
[BlackElo "1698"]
[PlyCount "83"]
[EventDate "2023.??.??"]
[WhiteTeam "SC Heusenstamm"]
[BlackTeam "SAbt SG 1945 Dietzenbach"]

1. e4 e5 2. Nf3 Nc6 3. d4 exd4 4. Nxd4 Nxd4 5. Qxd4 Qf6 6. Qxf6 Nxf6 7. Bd3 d6 8. Nc3 c6 9. O-O Be7 10. Bf4 O-O 11. Rad1 Be6 12. Ne2 Rad8 13. Nd4 a6 14. Nxe6 fxe6 15. e5 dxe5 16. Bxe5 Rd5 17. Bc3 b5 18. Rfe1 Kf7 19. Rd2 Bd6 20. Rde2 Re8 21. Re3 Rh5 22. h3 c5 23. Be2 Rg5 24. Bf3 b4 25. Bd2 Bf4 26. R3e2 Bxd2 27. Rxd2 Nd5 28. Kf1 c4 29. Rd4 Nb6 30. Rd6 Na4 31. Bc6 Nc5 32. Bxe8+ Kxe8 33. Rb6 a5 34. Rb5 Ke7 35. Rxa5 Kf6 36. Re3 Rd5 37. Ke2 e5 38. c3 bxc3 39. Rxc3 Ke6 40. Rxc4 Ne4 41. Rxd5 Kxd5 42. Rxe4 1-0

[Event "Sparkassen-Open B"]
[Site "Heusenstamm, Martinsee"]
[Date "2023.11.26"]
[Round "7.5"]
[White "Lasschuit, Rene"]
[Black "Hensel, Roman"]
[Result "1-0"]
[WhiteElo "1614"]
[BlackElo "1474"]
[PlyCount "63"]
[EventDate "2023.??.??"]
[WhiteTeam "SV Berolina Mitte e.V."]
[BlackTeam "SV Oberursel"]

1. Nf3 d5 2. g3 g6 3. c4 c6 4. Bg2 Nf6 5. O-O dxc4 6. Qc2 b5 7. b3 cxb3 8. axb3 Bb7 9. d4 Bg7 10. Rd1 O-O 11. Nc3 a6 12. Ne5 Nfd7 13. Nxd7 Nxd7 14. Ne4 Rc8 15. Nc5 Nxc5 16. Qxc5 e5 17. e3 exd4 18. exd4 Re8 19. Bf4 Bf8 20. Qa7 Qd7 21. Rac1 Re6 22. Bh3 f5 23. Bg2 Bd6 24. d5 Rf6 25. dxc6 Bxc6 26. Qd4 Be7 27. Qxd7 Bxd7 28. Rxd7 Rxc1+ 29. Bxc1 Bb4 30. Bh6 Rd6 31. Rxd6 Bxd6 32. Bd5+ 1-0